Statystyki dla Skład Villarrealu w La Liga 2023/24

Kliknij tutaj aby rozwiązać quiz!

Ogólne statystyki

  • Ten quiz został rozwiązany 9 razy
  • Średni wynik to 9 z 24

Statystyki odpowiedzi

NumerZawodnik% Poprawnych
18Alberto Moreno
89%
7Gerard Moreno
89%
10Dani Parejo
78%
8Juan Foyth
56%
1Pepe Reina
56%
13Filip Jorgensen
44%
15Jose Luis Morales
44%
3Raul Albiol
44%
16Alex Baena
33%
24Alfonso Pedraza
33%
19Francis Coquelin
33%
21Yeremi Pino
33%
23Aissa Mandi
22%
9Ben Brereton Diaz
22%
6Etienne Capoue
22%
27Ilias Akhomach
22%
5Jorge Cuenca
22%
14Manu Trigueros
22%
2Matteo Gabbia
22%
20Ramon Terrats
22%
4Santiago Comesana
22%
26Adria Altimira
11%
22Denis Suarez
11%
17Kiko Femenia
11%

Rozkład punktacji

Percentyl według liczby udzielonych odpowiedzi

Procent ludzi z każdym wynikiem

Twoja historia wyników

Nie rozwiązałeś tego quizu